00462nam a2200133Ia 4500008004100000082001700041100002300058245005700081260004300138300001000181942001200191999001900203952010600222210430s9999 xx 000 0 und d a620.11 K22 M aAutar K.Kaw953973 aMechanics of Composite Materials 2nd edcAutar K.Kaw aBoca RatonbCRC Taylor & Francisc2006 a466p. cBK2ddc c564363d564363 001040708NFICaSCMEbSCMEcGENd0000-00-00l0o620.11 K22 MpSCME-3562r2021-04-30w2021-04-30yBK